<?xml version="1.0" encoding="UTF-8"?>
<collection xmlns="http://www.loc.gov/MARC21/slim">
 <record>
  <leader>00503pamaa2200145   4500</leader>
  <controlfield tag="001">0000029959</controlfield>
  <controlfield tag="005">20091207090000.0</controlfield>
  <datafield tag="020" ind1="0" ind2="0">
   <subfield code="a">0137372485 </subfield>
  </datafield>
  <datafield tag="082" ind1=" " ind2=" ">
   <subfield code="a">005.117 DEV</subfield>
  </datafield>
  <datafield tag="090" ind1="0" ind2="0">
   <subfield code="a">QA76.76.D47 </subfield>
   <subfield code="b">DEV 1997</subfield>
  </datafield>
  <datafield tag="245" ind1="0" ind2="0">
   <subfield code="a">DEVELOPING object-oriennted software : </subfield>
   <subfield code="b">an expperience-based approach  </subfield>
   <subfield code="c">IBM Object-Oriented Technology Center.</subfield>
  </datafield>
  <datafield tag="260" ind1="0" ind2="0">
   <subfield code="a">New Jersey: </subfield>
   <subfield code="b">Prentice Hall, </subfield>
   <subfield code="c">1997.</subfield>
  </datafield>
  <datafield tag="300" ind1=" " ind2=" ">
   <subfield code="a">xxvi, 635p.; </subfield>
   <subfield code="c">24cm.</subfield>
  </datafield>
  <datafield tag="650" ind1="0" ind2="0">
   <subfield code="a">Computer software -- </subfield>
   <subfield code="x">Develoment </subfield>
  </datafield>
  <datafield tag="650" ind1="0" ind2="0">
   <subfield code="a">Object-oriented methods (Computer science) </subfield>
  </datafield>
 </record>
</collection>
